000 00573nam a22001937a 4500
003 BUBTL
008 170522b xxu||||| |||| 00| 0 eng d
020 _a978-0-07-339813-6
082 _a620.1'05BEV
100 _91214
_aBeer,Ferdinand P.
245 _aVector Mechanics For Engineers
_bStatistics and Dynamics
260 _aNew York
_bMcGraw Hill
_cc2013
300 _a[xxxi],1315p.
_bills.
_c21cm.
650 0 _9909
_aTextile Engineering
700 _91215
_aBeer,Ferdinand P.
856 _k0
_l0
_yDownload
942 _2ddc
_cBK
999 _c5457
_d5457